000 00258nam a2200109Ia 4500
008 200302s9999 xx 000 0 und d
100 _aSir Lawrence Gowing
245 _aA History of Art
260 _bAndromeda Oxford Ltd.
260 _c2002
300 _a992 P.,
999 _c1633
_d1633